| 000 | 00377nam a2200121 4500 | ||
|---|---|---|---|
| 008 | 180217b xxu||||| |||| 00| 0 eng d | ||
| 100 |
_926619 _aEchaluce, Charina Clarisse L. |
||
| 245 |
_aLeptospirosis cases rise in Mindoro/ _cCharina Clarisse L. Echaluce |
||
| 260 |
_aPhilippines _bManila Bulletin _cc2016 |
||
| 300 | _apage 12. | ||
| 650 | 0 |
_926620 _aDiseases. |
|
| 942 |
_2ddc _cPER |
||
| 999 |
_c8727 _d8727 |
||